Представление документа в формате MARC21

Поле Инд. ПП Название Значение
Тип записи a
Библиографический уровень b
001 Контрольный номер RU/IS/BASE/220458153
005 Дата корректировки 20200526074505.5
008 Кодируемые данные 20061226
040 b Код языка каталог. rus
e Правила каталог. PSBO
041 0_ a Код языка текста rus
084 a Индекс другой классификации/Индекс ББК 60.028.13
100 1_ a Автор Челищев В. И.
245 10 a Заглавие Феномен фундаментализма в современном мире: истоки и формы
504 a Библиография Библиогр. ссылки
650 a Основная рубрика социальная философия
a Основная рубрика философия
653 a Ключевые слова мировоззрение
a Ключевые слова общественное сознание
a Ключевые слова политика
a Ключевые слова религиозно-политические течения
a Ключевые слова религиозный фундаментализм
a Ключевые слова религия
a Ключевые слова рыночный фундаментализм
a Ключевые слова феминизм
a Ключевые слова феминистский фундаментализм
a Ключевые слова фундаментализм
a Ключевые слова экологический фундаментализм
a Ключевые слова экономика
773 0_ t Заглавие источника Вестник Московского университета. Серия 18, Социология и политология
d Дата издания источника 2006
g Прочая информация № 4. - С. 98 - 116
w Контрольный № источника RU/IS/BASE/219330550
901 t Тип документа b